Natural fi bre composites: Materials, processes and properties

Detalhes bibliográficos
Outros Autores: Hodzic A. Alma (редактор), Shanks R. Robert
Resumo:Заглавие с титульного экрана
Режим доступа: из корпоративной сети ТПУ
Idioma:inglês
Publicado em: Oxford, Woodhead Publishing Limited, 2014
Assuntos:
Acesso em linha:http://www.lib.tpu.ru/fulltext2/m/2016/science_book/Natural%20Fibre.pdf
Formato: Recurso Electrónico Livro
KOHA link:https://koha.lib.tpu.ru/cgi-bin/koha/opac-detail.pl?biblionumber=316272

MARC

LEADER 00000nlm0a2200000 4500
001 316272
005 20231102002847.0
035 |a (RuTPU)RU\TPU\book\341710 
035 |a RU\TPU\book\341674 
090 |a 316272 
100 |a 20160316d2014 k y0engy50 ba 
101 0 |a eng 
102 |a GB 
105 |a a z 001zy 
135 |a drcn ---uucaa 
200 1 |a Natural fi bre composites  |b Electronic resource  |e Materials, processes and properties  |f eds. A. Hodzic, R. Shanks 
203 |a Text  |c electronic 
210 |a Oxford  |c Woodhead Publishing Limited  |d 2014 
230 |a 1 компьютерный файл (pdf; 21 Mb) 
300 |a Заглавие с титульного экрана 
333 |a Режим доступа: из корпоративной сети ТПУ 
337 |a Adobe Reader 
606 1 |a Композиционные материалы (материаловедение)  |2 stltpush  |3 (RuTPU)RU\TPU\subj\71565  |9 85422 
610 1 |a электронный ресурс 
610 1 |a природные волокна 
610 1 |a композиты 
610 1 |a материалы 
610 1 |a процессы 
610 1 |a свойства 
675 |a 620.22-419.8  |v 3 
702 1 |a Hodzic  |b A.  |g Alma  |4 340 
702 1 |a Shanks  |b R.  |g Robert  |4 340 
801 1 |a RU  |b 63413507  |c 20131216 
801 2 |a RU  |b 63413507  |c 20160620  |g RCR 
856 4 |u http://www.lib.tpu.ru/fulltext2/m/2016/science_book/Natural%20Fibre.pdf 
942 |c CF